| 000 | 04170cam a22005415i 4500 | ||
|---|---|---|---|
| 001 | 21937181 | ||
| 003 | NUST | ||
| 005 | 20230313190411.0 | ||
| 006 | m |o d | | ||
| 007 | cr ||||||||||| | ||
| 008 | 180802s2019 gw |||| o |||| 0|eng | ||
| 010 | _a 2019768205 | ||
| 020 | _a9783319761503 | ||
| 024 | 7 |
_a10.1007/978-3-319-76150-3 _2doi |
|
| 035 | _a(DE-He213)978-3-319-76150-3 | ||
| 040 |
_aDLC _beng _epn _erda _cDLC |
||
| 072 | 7 |
_aTEC031000 _2bisacsh |
|
| 072 | 7 |
_aTHR _2thema |
|
| 072 | 7 |
_aTHRB _2bicssc |
|
| 082 | 0 | 4 |
_a621.38 JAN _223 |
| 100 | 1 |
_aJanić, Milan, _eauthor. _9110201 |
|
| 245 | 1 | 0 |
_aLandside Accessibility of Airports : _bAnalysis, Modelling, Planning, and Design / _cby Milan Janić. |
| 250 | _a1st ed. 2019. | ||
| 264 | 1 |
_aCham : _bSpringer International Publishing : _bImprint: Springer, _c2019. |
|
| 300 | _a1 online resource (XX, 424 pages 220 illustrations, 39 illustrations in color.) | ||
| 336 |
_atext _btxt _2rdacontent |
||
| 337 |
_acomputer _bc _2rdamedia |
||
| 338 |
_aonline resource _bcr _2rdacarrier |
||
| 347 |
_atext file _bPDF _2rda |
||
| 505 | 0 | _aIntroduction -- Accessibility -- The Airport Landside Access Transport Modes and their Systems -- Performances of the Airport Landside Access Transport Modes and their Systems -- Planning and Design of the Airport Landside Access Transport Modes and their Systems -- Concluding Remarks. | |
| 520 | _aThis book covers the analysis, modelling, planning, and design of airport landside access modes and their systems. It elaborates on the issues and related problems of airport landside accessibility in an innovative, comprehensive and systematic way. In addition to the general concept of accessibility, the book addresses the analysis and modelling of infrastructure-related, technological, operational, economic, social and environmental performance of road- and rail-based transport systems, as well as the core principles of their planning and design. The book provides guidelines on the modelling, planning, and design of airport landside access modes and their systems, which will contribute to the overall sustainable development of airports. Its main features are: presents a multidimensional examination of performance for specific airport landside access modes and their systems; pursues a qualitative and quantitative approach to developing performance indicators for estimating the sustainability of airport landside access modes and their systems; includes illustrative cases of airport landside accessibility, and numerical examples as exercises for assessing performance using the systems' indicators. As such, the book offers a valuable source of information for all practitioners involved in analysing, planning and designing more environmentally friendly airport access modes and systems, and who want to learn how to overcome the issues and problems surrounding landside accessibility. It will also benefit students studying the analysis and modelling of transportation systems, and researchers seeking to promote improved sustainability at airports. | ||
| 588 | _aDescription based on publisher-supplied MARC data. | ||
| 650 | 0 | _aProduction management. | |
| 650 | 0 | _aSustainable development. | |
| 650 | 0 | _aTraffic engineering. | |
| 650 | 0 |
_aTransportation engineering. _9854 |
|
| 650 | 0 | _aTransportation. | |
| 650 | 1 | 4 |
_aTransportation. _0https://scigraph.springernature.com/ontologies/product-market-codes/119000 _9110202 |
| 650 | 2 | 4 |
_aOperations Management. _0https://scigraph.springernature.com/ontologies/product-market-codes/519000 _956296 |
| 650 | 2 | 4 |
_aSustainable Development. _0https://scigraph.springernature.com/ontologies/product-market-codes/U34000 |
| 650 | 2 | 4 |
_aTransportation Technology and Traffic Engineering. _0https://scigraph.springernature.com/ontologies/product-market-codes/T23120 _9110203 |
| 776 | 0 | 8 |
_iPrint version: _tLandside accessibility of airports. _z9783319761497 _w(DLC) 2018946606 |
| 776 | 0 | 8 |
_iPrinted edition: _z9783030094157 |
| 776 | 0 | 8 |
_iPrinted edition: _z9783319761497 |
| 776 | 0 | 8 |
_iPrinted edition: _z9783319761510 |
| 906 |
_a0 _bibc _corigres _du _encip _f20 _gy-gencatlg |
||
| 942 |
_2ddc _cBK |
||
| 999 |
_c593658 _d593658 |
||